Những tác phẩm nước ngoài nổi tiếng soạn cho ghi - ta
Na minha lista:
| Autor principal: | |
|---|---|
| Formato: | Livro |
| Publicado em: |
Hà Nội
Âm nhạc
2008
|
| Assuntos: | |
| Tags: |
Adicionar Tag
Sem tags, seja o primeiro a adicionar uma tag!
|
| Thư viện lưu trữ: | Trung tâm Học liệu Lê Vũ Hùng, Trường Đại học Đồng Tháp |
|---|
| LEADER | 00841pam a22003258a 4500 | ||
|---|---|---|---|
| 001 | 00035974 | ||
| 005 | 20171026081025.0 | ||
| 008 | 170110s2008 ||||||Viesd | ||
| 020 | # | # | |c 60000 |
| 041 | 0 | # | |a Vie |
| 082 | 1 | 4 | |a 787.87 |b NH556T |
| 100 | 0 | # | |a Tạ, Tấn |
| 245 | 1 | 0 | |a Những tác phẩm nước ngoài nổi tiếng soạn cho ghi - ta |c Tạ Tấn |
| 260 | # | # | |a Hà Nội |b Âm nhạc |c 2008 |
| 300 | # | # | |a 242tr. |c 27cm. |
| 653 | # | # | |a Guitar |
| 653 | # | # | |a Nước ngoài |
| 653 | # | # | |a Tác phẩm |
| 653 | # | # | |a Âm nhạc |
| 852 | # | # | |b Kho đọc |j KD.0019432 |
| 852 | # | # | |j KD.0019432 |
| 910 | 0 | # | |d 10/01/2017 |
| 980 | # | # | |a Trung tâm Học liệu Lê Vũ Hùng, Trường Đại học Đồng Tháp |